Patents and Strategic Investing

Enregistré dans:
Détails bibliographiques
Auteur principal: Nissing, Nicholas J. (Auteur)
Format: Livre
Langue:anglais
Publié: New York : McGraw-Hill, 2013
Édition:1. vyd.
Sujets:
Tags: Ajouter un tag
Pas de tags, Soyez le premier à ajouter un tag!

MARC

LEADER 00000nam a22000003a 4500
001 stu301631
005 20150617230325.4
008 141218s--------xxu-----------------eng-d
020 |a 978-0-07-178386-6 
040 |a STU  |b slo 
041 0 |a eng 
044 |a xxu 
080 |a 658.589 
080 |a 347.77 
100 1 |a Nissing, Nicholas J.  |4 aut 
245 1 |a Patents and Strategic Investing 
250 |a 1. vyd. 
260 |a New York :  |b McGraw-Hill,  |c 2013 
300 |a 240 s 
650 7 |a duševné vlastníctvo  |2 stusub 
650 7 |a patenty  |2 stusub 
996 |b 284J043526  |c J*117616  |l JJST  |s P  |a 0  |w stu301631_0001